Learning Resource and Development

Requirements engineering for software and systems / (Record no. 29236)

MARC details
000 -LEADER
fixed length control field 02614cam a22004218i 4500
001 - CONTROL NUMBER
control field 22375131
003 - CONTROL NUMBER IDENTIFIER
control field CSPC
005 - DATE AND TIME OF LATEST TRANSACTION
control field 20250320155726.0
008 - FIXED-LENGTH DATA ELEMENTS--GENERAL INFORMATION
fixed length control field 220107s2022 flu b 001 0 eng
010 ## - LIBRARY OF CONGRESS CONTROL NUMBER
LC control number 2022000663
020 ## - INTERNATIONAL STANDARD BOOK NUMBER
International Standard Book Number 9781032275994
Qualifying information (pbk)
040 ## - CATALOGING SOURCE
Original cataloging agency DLC
Language of cataloging eng
Description conventions rda
Transcribing agency DLC
Modifying agency CSPC
042 ## - AUTHENTICATION CODE
Authentication code pcc
050 00 - LIBRARY OF CONGRESS CALL NUMBER
Classification number QA76.76.S73
Item number L37 2022
082 00 - DEWEY DECIMAL CLASSIFICATION NUMBER
Classification number 005.1068
Item number L316r
Edition number 23/eng/20220322
100 1# - MAIN ENTRY--PERSONAL NAME
Personal name Laplante, Phillip A.,
Relator term author.
245 10 - TITLE STATEMENT
Title Requirements engineering for software and systems /
Statement of responsibility, etc. Phillip A. Laplante and Mohamad H. Kassab.
250 ## - EDITION STATEMENT
Edition statement Fourth edition.
263 ## - PROJECTED PUBLICATION DATE
Projected publication date 2206
264 #1 - PRODUCTION, PUBLICATION, DISTRIBUTION, MANUFACTURE, AND COPYRIGHT NOTICE
Place of production, publication, distribution, manufacture Boca Raton, FL ;
-- Abingdon, Oxon :
Name of producer, publisher, distributor, manufacturer CRC Press,
Date of production, publication, distribution, manufacture, or copyright notice 2022.
300 ## - PHYSICAL DESCRIPTION
Extent xxiv, 404 pages ;
Dimensions 25 cm.
336 ## - CONTENT TYPE
Content type term text
Content type code txt
Source rdacontent
337 ## - MEDIA TYPE
Media type term unmediated
Media type code n
Source rdamedia
338 ## - CARRIER TYPE
Carrier type term volume
Carrier type code nc
Source rdacarrier
490 0# - SERIES STATEMENT
Series statement Applied software engineering series
504 ## - BIBLIOGRAPHY, ETC. NOTE
Bibliography, etc. note Includes bibliographical references and index.
505 0# - FORMATTED CONTENTS NOTE
Formatted contents note Introduction to requirements engineering -- Preparing for requirements elicitation -- Requirements elicitation -- Writing the requirements document -- On nonfunctional requirements -- Requirements validations and verifications -- Formal methods -- Requirements specification and agile methodologies -- Tool support for requirements engineering -- Requirements management -- Value engineering of requirements -- Requirements engineering: a road map to the future -- Appendix A: Software requirements specification for a smart home -- Appendix B: Software requirements for a wastewater pumping station wet-well control system -- Appendix C: Unified modeling language (UML) -- Appendix D: User stories -- Appendix E: Use cases -- Appendix F: IBM DOORS requirements management tool.
520 ## - SUMMARY, ETC.
Summary, etc. "This textbook provides a comprehensive treatment of the theoretical and practical aspects of discovering, analyzing, modeling, validating, testing, and writing requirements for software systems. New chapters examine nonfunctional requirements and requirements of systems using disruptive technologies such as blockchain"--
Assigning source Provided by publisher.
650 #0 - SUBJECT ADDED ENTRY--TOPICAL TERM
Topical term or geographic name entry element Computer programs
General subdivision Specifications.
650 #0 - SUBJECT ADDED ENTRY--TOPICAL TERM
Topical term or geographic name entry element Computer software
General subdivision Development.
650 #0 - SUBJECT ADDED ENTRY--TOPICAL TERM
Topical term or geographic name entry element Software engineering.
650 #0 - SUBJECT ADDED ENTRY--TOPICAL TERM
Topical term or geographic name entry element Requirements engineering.
700 1# - ADDED ENTRY--PERSONAL NAME
Personal name Kassab, Mohamad,
Relator term author.
906 ## - LOCAL DATA ELEMENT F, LDF (RLIN)
a 7
b cbc
c orignew
d 1
e ecip
f 20
g y-gencatlg
942 ## - ADDED ENTRY ELEMENTS (KOHA)
Source of classification or shelving scheme Dewey Decimal Classification
Koha item type Books
Edition 23
Classification part 005.1068
Item part L316r
Call number prefix ENG
Call number suffix 2022
Suppress in OPAC No
Holdings
Withdrawn status Lost status Source of classification or shelving scheme Damaged status Not for loan Home library Current library Shelving location Date acquired Total Checkouts Full call number Barcode Date last seen Copy number Price effective from Koha item type
    Dewey Decimal Classification     Main Library Main Library Engineering Section 03/20/2025   ENG 005.1068 L316r 2022 029302 03/20/2025 1-1 03/20/2025 Books